000 00470nam a22001697a 4500
003 BD-ChCU
005 20260115085322.0
008 260115b bg ||||| |||| 00| 0 ben d
040 _cBD-ChCU
082 _a181.49 SUD
100 _aSurama Dasgupta .
_919257
245 _aDevelopment of moral philosophy in India ./
_cDasgupta Surama .
260 _aBombay :
_bOrient Longmans ,
_cC 1961
300 _aiv , 226p.
650 0 _aEthics .
_919258
942 _2ddc
_cBK
_n0
999 _c111050
_d111050